Trouver la cité de la Grèce antique correspondante - Statistiques

Statistiques générales
  • Ce quiz a été pris 31 fois
  • Le résultat moyen est 8 sur 24
Statistiques - réponses
Hint Réponse % Correct
Elle fut le principal adversaire d'Athènes lors des guerres du Péloponnèse Sparte
92%
Elle connue un âge d'or durant la pentécontaétie Athènes
80%
Cette cité aurait été conquise grâce à un cheval quiaurait dupé l'ennemi Troie
76%
On vient chez elle lorsqu'il faut consulter l'oracle dela pythie Delphes
68%
Cette cité a accueillie le trésor de la ligue qui porte son nom Délos
64%
Elle domine la région de la Béotie Thèbes
64%
Elle fut le point de départ de Phillipidès pour avertir Athènesde l'attaque Perse Marathon
52%
La principale force navale de la ligue du Péloponnèse Corinthe
48%
Elle fut la ville majeure de la civilisation minoenne Cnossos
40%
Elle fut détruite par les Perse en 497 av. J-C par les Perses après la révolte de l'Ionie Milet
36%
Cette île fut le lieu de refuge de Thémistocle après la destructionachéménide d'Athènes en 480 av. J-C Salamine
32%
Le général Spartiate, Brasidas, s'empara de cette cité afin decouper le ravitaillement en bois d'Athènes Amphipolis
20%
Elle fut attaquée par Corinthe en 433 après qu'elle ait soutenue ladémocratie dans une autre cité Corcyre
20%
Elle est la première citée à avoir mis en place la démocratie Argos
16%
Elle s'allia à Athènes qui lui construit ses murailles avant de la trahir Mégare
12%
Elle fut fondée par les Grecs en Italie et est censée rassemblertous les Grecs (panhéllenique) Thourioï
12%
Thémistocle propose de vaincre cette cité en construisant plusde trières à Athènes Egine
8%
Elle fut l'autre cité avec Athènes à avoir aider à la révoltede l'Ionie Erétrie
8%
Elle fut sujette à l'attaque de Sparte en 418 après s'être allié avec Athènes Mantinée
8%
Elle fut le point d'ancrage des Athéniens lors des raids maritimes sur Sparte en 425 av. J-C Pylos
8%
Elle est la cité soutenue par cette dernière Epidamne
4%
Elle fut l'une des première cible de Darius Ier en 513 en représailles de lé révolte de l'Ionie Naxos
4%
Elle a acceptée l'alliance proposée par Thémistocle afind'attaquer Sparte avec l'aide d'Argos Tégée
4%
Cette île fut le théâtre d'un désastre militaire pour Athènesdurant lequel Miltiade fut grièvement blessé Paros
0%
Aucun quiz correspondant
Distribution des résultats
% des personnes avec chaque résultat
Percentile par nombre de réponses
Votre historique - résultats
Vous n’avez pas pris ce quiz